Parametric infrences (Record no. 116)
[ view plain ]
| 000 -LEADER | |
|---|---|
| fixed length control field | 00436 a2200181 4500 |
| 001 - CONTROL NUMBER | |
| control field | 065754 |
| 003 - CONTROL NUMBER IDENTIFIER | |
| control field | OSt |
| 005 - DATE AND TIME OF LATEST TRANSACTION | |
| control field | 20210903145719.0 |
| 008 - FIXED-LENGTH DATA ELEMENTS--GENERAL INFORMATION | |
| fixed length control field | |
| 082 ## - DEWEY DECIMAL CLASSIFICATION NUMBER | |
| Classification number | 519.54 |
| Item number | K12F |
| 100 1# - MAIN ENTRY--PERSONAL NAME | |
| Personal name | Kale, B.K. |
| 245 1# - TITLE STATEMENT | |
| Title | Parametric infrences |
| Statement of responsibility, etc | by B.K. Kale |
| 250 ## - EDITION STATEMENT | |
| Edition statement | 2nd ed. |
| 260 ## - PUBLICATION, DISTRIBUTION, ETC. (IMPRINT) | |
| Place of publication, distribution, etc | New Delhi |
| Name of publisher, distributor, etc | Narosa Publication |
| Date of publication, distribution, etc | 2007 |
| 300 ## - PHYSICAL DESCRIPTION | |
| Extent | 295p. |
| 690 ## - LOCAL SUBJECT ADDED ENTRY--TOPICAL TERM (OCLC, RLIN) | |
| Topical term or geographic name as entry element | Parametric; statistics |
| 942 ## - ADDED ENTRY ELEMENTS (KOHA) | |
| Source of classification or shelving scheme | Dewey Decimal Classification |
| Koha item type | Books |
| Withdrawn status | Lost status | Source of classification or shelving scheme | Damaged status | Not for loan | Collection code | Home library | Current library | Department | Date acquired | Source of acquisition | Cost, normal purchase price | Inventory number(Invoice/Date) | Total Checkouts | Full call number | Barcode | Date last seen | Date checked out | Price effective from | Koha item type |
|---|---|---|---|---|---|---|---|---|---|---|---|---|---|---|---|---|---|---|---|
| Dewey Decimal Classification | General Text Book | Central University Of Rajasthan | Central University Of Rajasthan | Statistics | 07/03/2012 | STT | 250.00 | 67/14.09.2009 | 2 | 519.54 K12F | 40 | 29/05/2026 | 07/05/2026 | 02/09/2020 | Books | ||||
| Dewey Decimal Classification | General Text Book | Central University Of Rajasthan | Central University Of Rajasthan | Statistics | 07/03/2012 | STT | 250.00 | 67/14.09.2009 | 4 | 519.54 K12F | 41 | 01/06/2026 | 18/05/2026 | 02/09/2020 | Books | ||||
| Dewey Decimal Classification | General Text Book | Central University Of Rajasthan | Central University Of Rajasthan | Statistics | 07/03/2012 | STT | 250.00 | 67/14.09.2009 | 519.54 K12F | 42 | 21/11/2024 | 02/09/2020 | Books |
